000 01011nam a22002297a 4500
005 20251008133851.0
008 240509b ||||| |||| 00| 0 eng d
082 _aDper 647.94068 In821 April-May 2019 v. 78-79
100 _aStanton, Steven J.
_eauthor.
_956991
245 _aIncentivized methods to generate electronic word-of-mouth :
_bimplications for the resort industry /
_cSteven J. Stanton, John Kim, Jennifer C. Thor, and Xiaodong Deng.
260 _aAmsterdam ;
_bElsevier ,
_cApril 2019.
300 _aVolume 78, pages 142-149 :
_billustrations ;
_c28 cm.
500 _aInternational Journal of Hospitality Management, vol. 78, pages 142-149, April 2019.
650 0 _a Attitude toward the resort.
_968706
650 0 _aElectronic word-of-mouth.
_968707
650 0 _aMoral judgment.
_968708
700 _aStanton, Steven J.
_eauthor.
_956991
700 _aKim, John.
_eauthor.
_956992
700 _aThor, Jennifer C.
_eauthor.
_956993
700 _aDeng, Xiaodong.
_eauthor.
_956994
942 _2ddc
_cPER
999 _c20267
_d20267